000 00573cam a22002053a 4500
001 44720
003 PGUSA
005 20140828084024.0
008 140120s2014||||xxu|||||s|||||000 | eng d
040 _aPGUSA
_beng
042 _adc
100 1 _aWallace, Dillon,
_d1863-1939
245 1 0 _aPacking and Portaging
_h[electronic resource] /
_cDillon Wallace
260 _bProject Gutenberg,
_c2014
506 _aPublic domain in the USA.
516 _aElectronic text
830 0 _aProject Gutenberg
_v44720
856 4 0 _uhttp://www.gutenberg.org/ebooks/44720
942 _cEB
999 _c273971
_d273971